Origen y folclor de los juegos en Chile

Zapisane w:
Opis bibliograficzny
1. autor: Plath, Oreste (Autor)
Format: Książka
Język:hiszpański
Wydane: Santiago Grijalbo 2000
Wydanie:2a. ed
Hasła przedmiotowe:
Etykiety: Dodaj etykietę
Nie ma etykietki, Dołącz pierwszą etykiete!

MARC

LEADER 00000nam a2200000 a 4500
001 UCK6600
003 CL-VaPUC
008 051007e20000600CL |||||||||||||||||spa|d
020 |a 9562580679 
082 0 4 |a 394.3  |b PLA  |2 21 
100 0 |a Plath, Oreste  |e author  |9 330038 
245 1 0 |a Origen y folclor de los juegos en Chile 
250 |a 2a. ed 
300 |a 462 p 
942 |c BK 
945 |d 20051007 00:00:00  |a castudil 
260 |a Santiago  |b Grijalbo  |c 2000 
650 7 |a FOLKLORE  |2 CL-VaPUC  |9 268291 
650 7 |a ROMANCES  |2 CL-VaPUC  |9 496037 
650 7 |a JUGUETES  |2 CL-VaPUC  |9 309284 
650 0 |a Costumbres y tradiciones   |9 268292 
650 0 |a Cultura  |9 269059 
650 0 |a Poesías infantiles   |9 310305 
650 0 |a Canciones infantiles  |9 307627 
650 0 |a Acertijos  |9 309135 
650 0 |a Juegos   |9 243060 
651 7 |a CHILE  |2 CL-VaPUC  |9 496038 
583 |a last modification  |c 20051007 00:00:00  |k Rodrigo Vera 
999 |c 314873  |d 314871 
952 |0 0  |1 0  |4 0  |6 394_300000000000000_PLA_2000  |7 0  |8 X  |9 387659  |a FDOMLP  |b FDOMLP  |d 2019-11-22  |i 4110676  |o 394.3 PLA 2000  |p 4110676  |r 2019-11-22  |w 2019-11-22  |y BK_X  |k BU2